Sports Quiz

Random Sports or Auto Racing Quiz

Indy 500 Winners Quiz Stats

 Plays Quiz Updated May 30, 2018

Challenge
Share
Tweet
Embed
Score 0/73 Timer 10:00
2 Plays Today
Year Driver % Correct
1969Mario Andretti
86.6%
1970Al Unser
78.9%
1971Al Unser
78.9%
1978Al Unser
78.9%
1987Al Unser
78.9%
1968Bobby Unser
77.7%
1975Bobby Unser
77.7%
1981Bobby Unser
77.7%
1961A.J. Foyt Jr.
75.6%
1964A.J. Foyt Jr.
75.6%
1967A.J. Foyt Jr.
75.6%
1977A.J. Foyt Jr.
75.6%
2001Hélio Castroneves
69.8%
2002Hélio Castroneves
69.8%
1992Al Unser, Jr.
69.6%
1994Al Unser Jr.
69.6%
2015Juan Pablo Montoya
67%
2017Takuma Sato
65.2%
2012Dario Franchitti
64.5%
2018Will Power
63.9%
2007Dario Franchitti
62%
1979Rick Mears
61.6%
1984Rick Mears
61.6%
1988Rick Mears
61.6%
1991Rick Mears
61.6%
2000Juan Pablo Montoya
59.4%
2009Hélio Castroneves
58.9%
1989Emerson Fittipaldi
57%
1993Emerson Fittipaldi
57%
2013Tony Kanaan
56.1%
2005Dan Wheldon
55.9%
1986Bobby Rahal
54.8%
2008Scott Dixon
52.8%
2016Alexander Rossi
52.4%
2006Sam Hornish Jr.
48.4%
2014Ryan Hunter-Reay
48.1%
2010Dario Franchitti
44.6%
Year Driver % Correct
1973Gordon Johncock
44.4%
1982Gordon Johncock
44.4%
1990Arie Luyendyk
44.2%
1997Arie Luyendyk
44.2%
1995Jacques Villeneuve
43.8%
1963Parnelli Jones
42.6%
1974Johnny Rutherford
42%
1976Johnny Rutherford
42%
1980Johnny Rutherford
42%
1985Danny Sullivan
41.8%
1996Buddy Lazier
41.7%
2004Buddy Rice
40.7%
1966Graham Hill
38.6%
1998Eddie Cheever Jr.
38.4%
1983Tom Sneva
38.3%
2003Gil de Ferran
37.9%
1965Jim Clark
37.7%
1999Kenny Bräck
36.2%
2011Dan Wheldon
36.2%
1953Bill Vukovich
31.1%
1954Bill Vukovich
31.1%
1972Mark Donohue
28.4%
1959Rodger Ward
26.1%
1962Rodger Ward
26.1%
1947Mauri Rose
25.8%
1948Mauri Rose
25.8%
1950Johnnie Parsons
20.6%
1960Jim Rathmann
20.3%
1952Troy Ruttman
20.1%
1957Sam Hanks
18%
1958Jimmy Bryan
16.3%
1956Pat Flaherty
16.3%
1946George Robson
15.7%
1955Bob Sweikert
15.7%
1949Bill Holland
14.8%
1951Lee Wallard
14.5%

You're not logged in!

Compare scores with friends on all Sporcle quizzes.
OR
Log In

You Might Also Like...

Show Comments

Extras

Top Quizzes Today


Score Distribution

Your Account Isn't Verified!

In order to create a playlist on Sporcle, you need to verify the email address you used during registration. Go to your Sporcle Settings to finish the process.

Report this User

Report this user for behavior that violates our Community Guidelines.

Details: